Dünyada ve Türkiye'de eğitim stratejileri (Record no. 6163)

MARC details
000 -BAŞLIK
Sabit Uzunlukta Kontrol Alanı 00717na a2200253 4500
001 - KONTROL NUMARASI
Denetim Alanı 19211
003 - KONTROL NUMARASI IDENTIFIER
Denetim Alanı MIRAKIL
005 - SON İŞLEM TARİHİ VE ZAMANI
Denetim Alanı 20181213155058.0
008 - SABİT-BOY VERİ ELEMANLARI - GENEL BİLGİLER
Sabit Uzunlukta Kontrol Alanı 161210b tu 000 0
020 ## - ULUSLARARASI STANDART KİTAP NUMARASI
Uluslararası Standart Kitap Numarası 9786054723614
035 ## - SİSTEM KONTROL NUMARASI
Sistem Kontrol Numarası 19211
040 ## - KATALOGLAMA KAYNAK
Orijinal Kataloglama Ajansı Milas
Kataloglama Dili tur
Metne Dönüştürmek Ajansı TR-AnCHP
041 ## - DİL KODU
Metin / Ses Parça Veya Ayrı Başlığın Dil Kodu tur
082 ## - DEWEY ONLU SINIFLANDIRMA NUMARASI
Sınıflandırma Numarası 370.9561
Ürün Numarası A62d 2014
090 ## - SINIFLAMA NUMARASI
Sınıflama Numarası 370.9561 A62d 2014
100 ## - ANA GİRİŞ - KİŞİSEL İSİM
Kişisel Ad Arayıcı, Ali
245 ## - BAŞLIK TABLOSU
Başlık Dünyada ve Türkiye'de eğitim stratejileri
Başlığın Kalan Görüşler öneriler
Sorumluluk Tablosu, Vb Ali Arayıcı
260 ## - YAYIN, DAĞITIM, VB
Yayın, Dağıtım, Vb Yeri İstanbul
Yayıncı, Dağıtıcı, Vs Adı Ozan Yayıncılık
Yayın, Dağıtım, Vb Tarihi 2014
300 ## - FİZİKSEL TANIM
Kapsam 432 s.
Boyutlar 22 sm.
500 ## - GENEL NOT
Genel Not Yapıt yazarından imzalıdır.
504 ## - KAYNAKÇA VB NOT
Kaynakça Vb Notu Kaynakça var.
650 ## - KONU KATMA GİRİŞ - TOPİKAL DÖNEM
Topikal Süreli Veya Coğrafi Ad Giriş Elemanı Eğitim politikası
Coğrafi Alt Bölümü Türkiye
942 ## - EKLENDİ GİRİŞ ELEMANLARI (KOHA)
Sınıflandırma Veya Raf Düzeni Kaynak
Koha Öğesi Türü Books
999 ## - SİSTEM KONTROL NUMARALARI (KOHA)
Koha Biblionumber 6163
Koha Biblioitemnumber 6163
Holdings
Kalıcı Konum Mevcut Konum Edinme Tarihi Edinim Kaynak Toplam Check-Out'Lar Tam Çağrı Numarası Barkod Tarih Son Görülme İtibaren Geçerli Fiyatlar Koha Öğesi Türü
CHP Kütüphanesi CHP Kütüphanesi 12/10/2016 Bağış   370.9561 A62d 2014 010230 12/10/2016 12/10/2016 Books